| Tag |
First Indicator |
Second Indicator |
Subfields |
| LEADER |
00000cam a2200000Ii 4500 |
| 001 |
in00002094521 |
| 005 |
20151102170745.0 |
| 008 |
770321s1976 maua f000 0 eng d |
| 035 |
|
|
|a (OCoLC)ocm02820694
|
| 040 |
|
|
|a OLA
|c OLA
|d TXA
|d UtOrBLW
|
| 049 |
|
|
|a TXAM
|
| 086 |
0 |
|
|a D 301.45/4:76-0256
|
| 090 |
|
|
|a QC801
|b .U54 no.355
|
| 100 |
1 |
|
|a Sizoo, Antoine H.
|
| 245 |
1 |
0 |
|a Lightning and squall line identification from DMSP satellite photographs /
|c Antoine H. Sizoo, James A. Whalen.
|
| 264 |
|
1 |
|a Hanscom AFB, Mass. :
|b Space Physics Division, Air Force Geophysics Laboratory,
|c 1976.
|
| 300 |
|
|
|a 15 pages :
|b illustrations ;
|c 28 cm.
|
| 336 |
|
|
|a text
|b txt
|2 rdacontent
|
| 337 |
|
|
|a unmediated
|b n
|2 rdamedia
|
| 338 |
|
|
|a volume
|b nc
|2 rdacarrier
|
| 490 |
1 |
|
|a Air Force surveys in geophysics ;
|v no. 355
|
| 490 |
1 |
|
|a (AFGL-TR ; 76-0256)
|
| 504 |
|
|
|a Includes bibliographical references.
|
| 650 |
|
0 |
|a Meteorological satellites
|v Observations.
|
| 650 |
|
0 |
|a Thunderstorms
|x Observations
|x Remote sensing.
|
| 700 |
1 |
|
|a Whalen, James A.,
|e author.
|
| 830 |
|
0 |
|a Air Force surveys in geophysics ;
|v no. 355.
|
| 830 |
|
0 |
|a AFGL-TR ;
|v 76-0256.
|
| 948 |
|
|
|a cataloged
|b h
|c 2005/12/16
|e pkellar
|f 4:11:06 pm
|
| 994 |
|
|
|a C0
|b TXA
|
| 999 |
|
|
|a MARS
|
| 999 |
f |
f |
|s 54a0a9b2-5df2-388c-ab6a-33355960fc27
|i 9f2e07a3-4b54-3e4a-9c3e-8b6d42dc6447
|t 0
|
| 952 |
f |
f |
|p normal
|a Texas A&M University
|b College Station
|c Sterling C. Evans Library
|d Evans: US Documents (Annex 5th floor)
|t 0
|e D 301.45/4:76-0256
|h Superintendent of Documents classification
|i unmediated -- volume
|m A14833350994
|
| 998 |
f |
f |
|a D 301.45/4:76-0256
|t 0
|l Evans: US Documents (Annex 5th floor)
|